000 00637cam a2200241 4500
008 000000n1999 000 0 eng u
020 _a0860175170
035 _a(Sirsi) u104052
050 _a624.152
100 _aTwine, David
245 _aTemporary propping of deep excavations - guidance on design
260 _aLondon
_bCIRIA
_c1999
300 _a228p. ; 30cm.
350 _a90.00
490 _aCIRIA
_vC517
650 _aGROUND MOVEMENTS
650 _aEXCAVATION
650 _aPROP LOADS
650 _aEXCAVATION WORKS
690 _aBUILDING AND CONSTRUCTION-ENGINEERING
700 _aRoscoe, Howard
942 _n0
999 _c100204
_d100204